000 00527nam a22001697a 4500
003 OSt
008 260611b |||||||| |||| 00| 0 eng d
020 _a9789349045774
082 _a158.1
_bD53T
100 _aDhulgand, V.G.
245 _a Text Book On Personality Development/
_bby V.G. Dhulgand and J.M. Deshmukh
260 _aJodhpur :
_bAgrobios (India),
_c2025.
300 _a95 p.
650 _aPhilosophy and related disciplines | Psychology | Personality development
700 _aDeshmukh, J.M.
942 _2ddc
_cBK
999 _c51965
_d51965